| 000 | 00429nam a22001577a 4500 | ||
|---|---|---|---|
| 003 | OSt | ||
| 005 | 20170105102929.0 | ||
| 020 | _a8120718445 | ||
| 040 | _a1 | ||
| 082 |
_a341.13 _bBAS 2004 |
||
| 100 | _aBasu, Rumki | ||
| 245 |
_aThe United Nations _bStructure and Functions of an International Organization _cRumki Basu |
||
| 260 |
_aNew Delhi _bsterling Publishing Private Limited _cc2004 |
||
| 300 |
_a494 _b24cm |
||
| 942 |
_2ddc _cBK |
||
| 999 |
_c15968 _d15968 |
||